| 000 | 00478nam a2200181Ia 4500 | ||
|---|---|---|---|
| 008 | 230524s9999 xx 000 0 und d | ||
| 020 | _a0074631136 | ||
| 082 |
_a515.132 _bTRE |
||
| 100 | _aJ.P.Tremblay | ||
| 245 | 0 | _aDiscrete Mathematical Structure with Application to Computer science | |
| 250 | _a15TH | ||
| 260 |
_aNEW DELHI _bMc Graw-Hill _c2001 |
||
| 300 | _aXVI;606 | ||
| 500 | _aQuantity Number: 39 | ||
| 650 | _aMathematics | ||
| 700 | _a R.Manohar | ||
| 942 | _cBK | ||
| 999 |
_c8553 _d8553 |
||